Diagnóstico y presentación final del cantón de Puntarenas (Registro nro. 6567)
[ vista simple ]
| 000 -LEADER | |
|---|---|
| fixed length control field | 00600nam a22002177a 4500 |
| 005 - DATE AND TIME OF LATEST TRANSACTION | |
| control field | 20170209101616.0 |
| 008 - FIXED-LENGTH DATA ELEMENTS--GENERAL INFORMATION | |
| fixed length control field | 150727b xxu||||| |||| 00| 0 spa d |
| 041 ## - LANGUAGE CODE | |
| Language code of text/sound track or separate title | spa |
| 082 ## - DEWEY DECIMAL CLASSIFICATION NUMBER | |
| Classification number | GT 24 |
| 100 ## - MAIN ENTRY--AUTHOR NAME | |
| Personal name | Fernández, Andrés |
| 100 ## - MAIN ENTRY--AUTHOR NAME | |
| Personal name | Brenes, Leonardo |
| 100 ## - MAIN ENTRY--AUTHOR NAME | |
| Personal name | Araya, Fabián |
| 100 ## - MAIN ENTRY--AUTHOR NAME | |
| Personal name | Ulate, Yozabath |
| 245 ## - TITLE STATEMENT | |
| Title | Diagnóstico y presentación final del cantón de Puntarenas |
| 260 ## - PUBLICATION, DISTRIBUTION, ETC. (IMPRINT) | |
| Year of publication | 2014 |
| 502 ## - DISSERTATION NOTE | |
| Dissertation note | |
| 650 ## - SUBJECT ADDED ENTRY--TOPICAL TERM | |
| Topical Term | CANTÓN DE PUNTARENAS |
| 650 ## - SUBJECT ADDED ENTRY--TOPICAL TERM | |
| Topical Term | COSTA RICA |
| 650 ## - SUBJECT ADDED ENTRY--TOPICAL TERM | |
| Topical Term | ATRACTIVOS TURÍSTICOS |
| 942 ## - ADDED ENTRY ELEMENTS (KOHA) | |
| Koha item type | Disco Compacto |
No hay ítems disponibles.